000
00292nam a22001097a 4500
008
170112b xxu||||| |||| 00| 0 eng d
020
_a
9780131889385
041
_a
eng
080
_2
8TH
_a
618.2
245
_a
KOZIER&ERB'S FUNDAMENTALS OF NURSING
_c
BERMAN & SNYDER & KOZIER & ERB
942
_2
udc
_c
BK
999
_c
2755
_d
2755